[Event "34th olimpiad"]
[Site "İstanbul"]
[Date "2000.10.28"]
[Round "2"]
[White "Claesen, Pieter"]
[Black "Moldobaev, Emelbek"]
[Result "1/2-1/2"]
[WhiteElo "2416"]
[BlackElo "2404"]
[WhiteTitle "IM"]
[BlackTitle "IM"]
[WhiteTeam "Belgium"]
[BlackTeam "Kyrgyzstan"]
[Board "1"]
[Source "OlimpBase"]

1. d4 Nf6 2. Nf3 g6 3. Nc3 d5 4. Bf4 Bg7 5. e3 O-O 6. Be2 c5 7. Ne5 Nc6 8. O-O
cxd4 9. exd4 Bf5 10. Qd2 Rc8 11. Rac1 Qa5 12. Bf3 Rfd8 13. a3 Qb6 14. Na4 Qb5
15. Nxc6 Rxc6 16. b3 Ne4 17. Qd1 Qa5 18. g4 Be6 19. c3 b5 20. Nc5 Nxc5 21. b4
Qxa3 22. bxc5 b4 23. Be3 bxc3 24. Ra1 Qb4 1/2-1/2

[Event "34th olimpiad"]
[Site "İstanbul"]
[Date "2000.10.28"]
[Round "2"]
[White "Magai, Vladimir"]
[Black "Van der Stricht, Geert"]
[Result "0-1"]
[WhiteElo "2546"]
[BlackElo "2369"]
[WhiteTitle "IM"]
[BlackTitle "FM"]
[WhiteTeam "Kyrgyzstan"]
[BlackTeam "Belgium"]
[Board "2"]
[Source "OlimpBase"]

1. d4 Nf6 2. c4 e6 3. Nf3 b6 4. Nc3 Bb4 5. Qb3 c5 6. a3 Ba5 7. Bg5 h6 8. Bh4
g5 9. Bg3 Ne4 10. e3 Nc6 11. Bd3 Nxg3 12. hxg3 g4 13. Ne5 Nxe5 14. dxe5 Bb7
15. O-O-O Bxc3 16. Qxc3 Bxg2 17. Rh5 Bf3 18. Rd2 Qc7 19. Bc2 O-O-O 20. Ba4 Be4
21. Rh4 h5 22. f4 Rh7 23. Bc2 Qb7 24. Rd6 Bg6 25. Qe1 Bxc2 26. Kxc2 Qe4+
27. Kb3 Kc7 28. Qd2 Rhh8 29. Rh2 h4 30. gxh4 g3 31. Rg2 Qf3 32. Rd3 Rxh4
33. Re2 Qe4 34. Kc3 f6 35. exf6 d5 36. b3 Rg4 37. Rg2 Qf5 38. Kc2 dxc4 39. bxc4
e5 40. Kc3 Qxf6 41. Kb3 exf4 42. exf4 Rxd3+ 43. Qxd3 Qxf4 44. Qh7+ Kb8 45. Qd3
Rg8 46. Ka4 Qe5 47. Kb3 Qc7 48. Qf3 Qd6 49. Kc2 Qd4 50. Kb3 Rg4 51. Re2 Qd1+
52. Kb2 Qd4+ 0-1

[Event "34th olimpiad"]
[Site "İstanbul"]
[Date "2000.10.28"]
[Round "2"]
[White "Geenen, Marc"]
[Black "Inarkiev, Ernesto"]
[Result "0-1"]
[WhiteElo "2346"]
[BlackElo "2452"]
[WhiteTitle "FM"]
[BlackTitle "IM"]
[WhiteTeam "Belgium"]
[BlackTeam "Kyrgyzstan"]
[Board "3"]
[Source "OlimpBase"]

1. e4 c5 2. Nf3 Nc6 3. d4 cxd4 4. Nxd4 g6 5. Nc3 Bg7 6. Be3 Nf6 7. Bc4 O-O
8. Bb3 d6 9. f3 Bd7 10. h4 a5 11. a4 Nxd4 12. Bxd4 Be6 13. Qd2 Bxb3 14. cxb3
Qc8 15. Nb5 Qd7 16. O-O Rfc8 17. Rac1 Rc6 18. Rc4 Rac8 19. Rfc1 Qd8 20. Rxc6
Rxc6 21. Rxc6 bxc6 22. Na3 d5 23. exd5 Qxd5 24. Bc3 Qxb3 25. Qd8+ Bf8 26. Qd4
c5 27. Qxc5 Qxa4 28. Qxa5 Qxh4 29. Qe5 Qa4 30. Nb5 Qd1+ 31. Kf2 Qd5 32. Nc7 Qd7
33. b4 Bg7 34. Qc5 Qd3 35. Nb5 h5 36. Kg1 h4 37. Bd4 h3 38. gxh3 Qxf3 39. Qxe7
Qg3+ 40. Kf1 Qxh3+ 41. Ke1 Qh1+ 42. Kd2 Qd5 43. Ke1 Qxb5 44. Bxf6 Bxf6 45. Qxf6
Qxb4+ 46. Kd1 Qb1+ 47. Kd2 Qf5 48. Qd4 g5 49. Ke3 Kh7 50. Qb4 Kg7 0-1

[Event "34th olimpiad"]
[Site "İstanbul"]
[Date "2000.10.28"]
[Round "6"]
[White "Claesen, Pieter"]
[Black "Rohl Montes, Juan Armando"]
[Result "1/2-1/2"]
[WhiteElo "2416"]
[BlackElo "2351"]
[WhiteTitle "IM"]
[BlackTitle "IM"]
[WhiteTeam "Belgium"]
[BlackTeam "Venezuela"]
[Board "1"]
[Source "OlimpBase"]

1. d4 Nf6 2. Nf3 g6 3. Nc3 d5 4. Bf4 Bg7 5. e3 O-O 6. Be2 c5 7. Ne5 Nc6 8. O-O
cxd4 9. exd4 Bf5 10. Qd2 Rc8 11. Rac1 Nxe5 12. Bxe5 Ne4 13. Nxe4 Bxe5 14. dxe5
dxe4 15. Qf4 Qb6 16. b3 Rfd8 17. Bc4 h5 18. h3 Rc5 19. Rcd1 Rdc8 20. Rfe1 Qc6
21. a4 1/2-1/2

[Event "34th olimpiad"]
[Site "İstanbul"]
[Date "2000.10.28"]
[Round "6"]
[White "Geenen, Marc"]
[Black "Gallegos, Carlos"]
[Result "1/2-1/2"]
[WhiteElo "2346"]
[BlackElo "2297"]
[WhiteTitle "FM"]
[WhiteTeam "Belgium"]
[BlackTeam "Venezuela"]
[Board "3"]
[Source "OlimpBase"]

1. e4 c5 2. Nf3 d6 3. d4 cxd4 4. Nxd4 Nf6 5. Nc3 a6 6. Bg5 e6 7. f4 Qb6 8. Qd2
Qxb2 9. Nb3 Nc6 10. Bxf6 gxf6 11. Na4 Qa3 12. Nb6 Rb8 13. Nc4 Qa4 14. a3 b5
15. Nxd6+ Bxd6 16. Qxd6 Qxe4+ 17. Be2 Qd5 18. Qxd5 exd5 19. O-O-O Ne7 20. Bf3
Be6 21. Rhe1 f5 22. Nc5 Rb6 23. Bxd5 Nxd5 24. Rxd5 O-O 25. Rde5 Bc8 26. Rd1 Rh6
27. h3 Kg7 28. Kb2 Rc6 29. Nb3 Rg6 30. Rd2 Bb7 31. Nd4 Rxg2 32. Nxf5+ Kh8
33. Rd7 Bc8 34. Rc7 Be6 35. Nd6 Rd2 36. Rc6 Bxh3 37. Rxa6 Rf2 38. f5 Bf1
39. Ra7 Kg7 40. Ne8+ Kh6 41. Nd6 Kg7 42. Ree7 Bd3 43. Nxf7 Kf6 44. Nd6 Bxc2
45. Kc3 Bxf5 46. Nxf5 1/2-1/2

[Event "34th olimpiad"]
[Site "İstanbul"]
[Date "2000.10.28"]
[Round "6"]
[White "Blanco, Cristobal"]
[Black "Van Beers, Eddy"]
[Result "1/2-1/2"]
[WhiteElo "2185"]
[BlackElo "2346"]
[BlackTitle "FM"]
[WhiteTeam "Venezuela"]
[BlackTeam "Belgium"]
[Board "4"]
[Source "OlimpBase"]

1. e4 c5 2. Nf3 d6 3. d4 cxd4 4. Nxd4 Nf6 5. Nc3 a6 6. Be2 e5 7. Nf3 h6 8. O-O
Be6 9. Re1 Be7 10. Bf1 O-O 11. a4 b6 12. Nd2 Qc7 13. Qe2 Nc6 14. Nf3 Rfe8
15. Nd1 d5 16. exd5 Nxd5 17. c3 Bf6 18. g3 Na5 19. Nd2 g6 20. Bg2 Ra7 21. b4
Nc6 22. Bb2 Bg7 23. Ne3 Nxe3 24. Qxe3 Ne7 25. a5 1/2-1/2

[Event "34th olimpiad"]
[Site "İstanbul"]
[Date "2000.10.28"]
[Round "11"]
[White "Moussa, Taleb"]
[Black "Geenen, Marc"]
[Result "1-0"]
[WhiteElo "2436"]
[BlackElo "2346"]
[WhiteTitle "IM"]
[BlackTitle "FM"]
[WhiteTeam "UAE"]
[BlackTeam "Belgium"]
[Board "4"]
[Source "OlimpBase"]

1. d4 d5 2. Nf3 c5 3. c3 cxd4 4. cxd4 Nc6 5. Nc3 Nf6 6. Bf4 a6 7. e3 Bg4
8. Be2 e6 9. Qb3 Na5 10. Qa4+ Nd7 11. Rc1 Rc8 12. O-O Nc4 13. Ne5 Nb6 14. Qb3
Nxe5 15. Bxe5 Bxe2 16. Nxe2 f6 17. Bg3 Rxc1 18. Rxc1 Bd6 19. Nf4 Kf7 20. a4 a5
21. Qb5 h5 22. Nd3 Bxg3 23. hxg3 h4 24. gxh4 Rxh4 25. b3 Qh8 26. Kf1 Qh5
27. Ke1 Rh1+ 28. Kd2 Rxc1 29. Nxc1 Nc8 30. Qxb7+ Ne7 31. Qc7 Qh1 32. Qxa5 Qxg2
33. Nd3 Nf5 34. Qc7+ Ke8 35. Qc8+ Ke7 36. Qxe6+ Kxe6 37. Nf4+ Kd7 38. Nxg2 Nd6
39. f3 g5 40. Ne1 Ke6 41. Nd3 1-0

[Event "34th olimpiad"]
[Site "İstanbul"]
[Date "2000.10.28"]
[Round "13"]
[White "Claesen, Pieter"]
[Black "Dive, Russell John"]
[Result "1-0"]
[WhiteElo "2416"]
[BlackElo "2414"]
[WhiteTitle "IM"]
[BlackTitle "IM"]
[WhiteTeam "Belgium"]
[BlackTeam "New Zealand"]
[Board "1"]
[Source "OlimpBase"]

1. Nf3 Nf6 2. d4 e6 3. e3 c5 4. Bd3 Be7 5. O-O O-O 6. c4 cxd4 7. exd4 d5
8. cxd5 Qxd5 9. Nc3 Qa5 10. Re1 Nc6 11. a3 Rd8 12. Bf4 Nd5 13. Nxd5 Qxd5
14. Be4 Qb5 15. Qc2 g6 16. Rad1 Bf6 17. Ne5 Nxd4 18. Qc7 Qe8 19. Ng4 Bg7
20. Be5 Qd7 21. Qc5 Bxe5 22. Qxe5 Qd6 23. Qf6 Kf8 24. Nh6 Rd7 25. Qh8+ Ke7
26. Ng8+ Kd8 27. Nf6+ Kc7 1-0

[Event "34th olimpiad"]
[Site "İstanbul"]
[Date "2000.10.28"]
[Round "13"]
[White "Martin, Benjamin"]
[Black "Dutreeuw, Marc"]
[Result "0-1"]
[WhiteElo "2377"]
[BlackElo "2402"]
[WhiteTitle "IM"]
[BlackTitle "IM"]
[WhiteTeam "New Zealand"]
[BlackTeam "Belgium"]
[Board "2"]
[Source "OlimpBase"]

1. e4 e5 2. Nf3 Nf6 3. Nxe5 d6 4. Nf3 Nxe4 5. d4 d5 6. Bd3 Bd6 7. O-O O-O
8. c4 c6 9. cxd5 cxd5 10. Nc3 Nxc3 11. bxc3 Bg4 12. Rb1 Nd7 13. Rb5 Nb6 14. h3
Bh5 15. c4 Bxf3 16. Qxf3 dxc4 17. Bc2 Qd7 18. a4 g6 19. Be3 Rac8 20. Rfb1 c3
21. d5 Rfe8 22. Bd4 Qe7 23. Bxc3 Qc7 24. R5b3 Nxa4 25. Rxb7 Nxc3 26. Rxc7 Rxc7
27. Qf6 Be5 28. Qg5 Ne2+ 29. Kf1 Rxc2 30. Rd1 Nf4 31. Qg3 Bd6 32. Qf3 Ree2
33. Rb1 Rxf2+ 34. Qxf2 Rxf2+ 35. Kxf2 Nxd5 36. Kf3 Ne7 37. Rb7 a5 38. Ra7 Bb4
39. g4 f6 40. Ke4 Kf7 41. Ra6 h5 42. gxh5 gxh5 43. Kf4 Kg6 44. Ke4 Nf5 45. Kf4
Nd6 46. Rb6 f5 47. Ra6 Kf6 48. Rb6 Bd2+ 49. Kg3 Be1+ 50. Kf4 Bb4 51. Ra6 h4
52. Ke3 Ke5 53. Ra8 Nc4+ 54. Kd3 Nb6 55. Rh8 Be7 56. Rb8 Bc5 57. Rh8 Bf2
58. Ke2 Bg3 59. Rb8 Nd5 60. Rb5 Ke4 61. Rxa5 Nf4+ 62. Kf1 Nxh3 63. Ra4+ Ke3
64. Ra3+ Kf4 65. Ra4+ Kg5 66. Kg2 Nf4+ 67. Kf3 Nd3 68. Kg2 f4 69. Ra8 Nf2 0-1

[Event "34th olimpiad"]
[Site "İstanbul"]
[Date "2000.10.28"]
[Round "13"]
[White "Cekro, Ekrem"]
[Black "Smith, Robert"]
[Result "1/2-1/2"]
[WhiteElo "2390"]
[BlackElo "2270"]
[WhiteTitle "IM"]
[BlackTitle "FM"]
[WhiteTeam "Belgium"]
[BlackTeam "New Zealand"]
[Board "3"]
[Source "OlimpBase"]

1. c4 Nf6 2. g3 g6 3. Bg2 Bg7 4. Nc3 O-O 5. e3 d6 6. Nge2 c6 7. O-O e5 8. d4
Re8 9. d5 e4 10. dxc6 bxc6 11. Qc2 Qe7 12. Nd4 Bb7 13. b3 Nbd7 14. Ba3 c5
15. Nde2 Ne5 16. Rad1 g5 17. Kh1 Rad8 18. Bb2 Nd3 19. Ba1 Ng4 20. Rxd3 exd3
21. Qxd3 Bxg2+ 22. Kxg2 Qb7+ 23. Nd5 Bxa1 24. Rxa1 Re5 25. Nc3 Nf6 26. Rd1 Nxd5
27. Nxd5 Re6 28. Kg1 h6 29. Qc3 a6 30. Qd3 a5 31. a4 Rb8 32. Rb1 Qd7 33. Qc3
Qd8 34. Rd1 f6 35. Rd3 Kg7 36. Qd2 Rb7 37. h3 Rb8 38. Qd1 Rb7 39. Nc3 Rd7
40. Qg4 Qe8 41. Nb5 Qe7 42. Qd1 Qd8 43. Qd2 Kg8 44. Kh2 Kg7 45. Qd1 Qe7 46. Qf3
Qd8 47. Qd5 Qe7 48. Qa8 Qd8 49. Qf3 Qe7 50. Nc3 Qe8 51. Qd1 Qe7 52. g4 Qf7
53. Ne2 f5 54. Kg3 f4+ 55. exf4 Rde7 56. Rd2 Qe8 57. Nc3 gxf4+ 58. Kg2 Qg6
59. Qf3 Rf7 60. Nb5 h5 61. Rd5 hxg4 62. hxg4 Kg8 63. Rh5 Re5 64. Rxe5 dxe5
65. Nc3 Rg7 66. Qd5+ Kh7 67. Ne4 Qxg4+ 68. Kf1 Qh3+ 69. Ke2 Qxb3 70. Nd2 Qb7
71. Qd3+ Kg8 72. Qf5 Qd7 73. Qe4 Qd4 74. Qa8+ Kh7 75. Qh1+ Kg8 76. Qa8+ Kh7
77. Qh1+ Kg8 1/2-1/2

[Event "34th olimpiad"]
[Site "İstanbul"]
[Date "2000.10.28"]
[Round "13"]
[White "Green, Peter"]
[Black "Van der Stricht, Geert"]
[Result "0-1"]
[WhiteElo "2239"]
[BlackElo "2369"]
[BlackTitle "FM"]
[WhiteTeam "New Zealand"]
[BlackTeam "Belgium"]
[Board "4"]
[Source "OlimpBase"]

1. d4 Nf6 2. c4 e6 3. Nc3 Bb4 4. Qc2 O-O 5. a3 Bxc3+ 6. Qxc3 b6 7. Bg5 c5
8. e3 d6 9. Be2 Nbd7 10. Nf3 Ba6 11. dxc5 bxc5 12. Qc2 Qb6 13. O-O Rab8 14. b4
Bb7 15. b5 Ne4 16. Bf4 e5 17. Bg3 Qa5 18. Rfd1 f5 19. Ne1 Qd8 20. f3 Nxg3
21. hxg3 Rf6 22. Bd3 g6 23. Bf1 Qe7 24. Qd2 Nf8 25. a4 g5 26. Ra3 Rd8 27. a5
Ng6 28. Nd3 Re8 29. Nc1 f4 30. Bd3 fxg3 31. Bxg6 Rxg6 32. e4 g4 33. Qe1 Qh4 0-1

[Event "34th olimpiad"]
[Site "İstanbul"]
[Date "2000.10.28"]
[Round "14"]
[White "Grigorian, Karen"]
[Black "Cekro, Ekrem"]
[Result "1/2-1/2"]
[WhiteElo "2399"]
[BlackElo "2390"]
[WhiteTitle "FM"]
[BlackTitle "IM"]
[WhiteTeam "Turkmenistan"]
[BlackTeam "Belgium"]
[Board "3"]
[Source "OlimpBase"]

1. d4 Nf6 2. c4 e6 3. Nc3 Bb4 4. e3 O-O 5. Bd3 d5 6. Ne2 c5 7. cxd5 cxd4
8. exd4 Nxd5 9. O-O Nc6 10. Bc2 Be7 11. Qd3 Nf6 12. a3 b6 13. Rd1 Bb7 14. Nf4
g6 15. Bb3 Rc8 16. d5 Na5 17. Ba2 exd5 18. Nfxd5 Nxd5 19. Nxd5 Bxd5 20. Bxd5
Bg5 21. f4 Bf6 22. f5 g5 23. Qg3 Qe7 24. Bf4 Rfd8 25. h4 h6 26. hxg5 Bxg5
27. Kh1 Nc4 28. b3 Ne3 29. f6 Qxf6 30. Bxf7+ Qxf7 31. Rxd8+ Rxd8 32. Bxg5 Qg7
33. Qxe3 Qxa1+ 34. Kh2 hxg5 35. Qxg5+ Kf7 36. Qxd8 Qxa3 37. Qd5+ Ke7 38. Qe5+
Kd7 39. Qf5+ Ke7 40. Qe5+ 1/2-1/2